000 00878nam a2200265Ia 4500
003 OSt
005 20220923211246.0
006 a|||||r|||| 00| 0
007 ta
008 220922b |||||||| |||| 00| 0 san d
020 _a9788178543024 (hbk)
_c1450
024 _a324,953
037 _b36, 29/01/2018, Mallika Books
_cTextual
040 _aARTS
_cARTS
_bsan
041 _2san
_asan
082 _aQ2:433, 152Q7
100 _aमहथा, निवारण, ले.
245 0 _aव्रत-कथामृतम्
246 _aVrata-kathāmṛutam
260 _aदिल्ली
_b ईस्टर्न बुक लिंकर्स
_c2017
300 _a461पृ0
_ccm.
650 _aधर्म
942 _hQ2:433, 152Q7
_cTEXL
_2CC
999 _c297824
_d297824